| 000 | 00989nam a2200277 4500 | ||
|---|---|---|---|
| 003 | EG-GICUC | ||
| 005 | 20260407103236.0 | ||
| 008 | 260402s1985 ne |||f |||| 00| 0 Fre d | ||
| 040 |
_a EG-GICUC _bfre _c EG-GICUC _d EG-GICUC _erda |
||
| 082 | 0 | 4 |
_a341.8 _bB U . C _221 |
| 092 | 0 | 4 | _221 |
| 099 | _aLaw1 12 341.8 B U . C 1985 | ||
| 110 | _kLe Bureau Permanent De La Conférence | ||
| 245 |
_aConférence De La Haye De Droit International Privé : _bActes Et Documents De La Quinziéme Session 8 Au 20 Octobre 1984 / _cPar Le Bureau Permanent De La Conférence. |
||
| 264 |
_aNetherlands: _bImprimerie Nationale/ La Haye, _c1985. |
||
| 300 |
_a430 Pages ; _c24 Cm. |
||
| 336 |
_2rda content _atext |
||
| 337 |
_2rda media _aComputer |
||
| 338 |
_2rda carrier _aOnline Resource |
||
| 546 | _aTexte en français | ||
| 650 | 1 | 4 | _adroit international Privé |
| 651 | 1 | _2qrmak | |
| 856 | 4 | 0 | _uhttps://fll.law.cu.edu.eg/fulltext/bks/B12-02738.pdf |
| 905 | _a64 | ||
| 942 |
_2ddc _cBK _e21 _n0 |
||
| 999 |
_c68422 _d68422 |
||